| 000 | 02085nam a22003497a 4500 | ||
|---|---|---|---|
| 001 | 103882 | ||
| 003 | KnowledgeUnlatched | ||
| 005 | 20210303104955.0 | ||
| 006 | m o d | ||
| 007 | cr u|||||||||| | ||
| 008 | 210129p20132020xxk o u00| u eng d | ||
| 037 | _5BiblioBoard | ||
| 245 | 0 | 0 |
_aImmigration Justice _cPeter Higgins. |
| 020 | _a9780748670277 | ||
| 029 | 1 | _ahttps://library.biblioboard.com/ext/api/media/051a94cc-d836-4cf9-8a17-91e7b21f6945/assets/thumbnail.jpg | |
| 040 |
_aScCtBLL _cScCtBLL |
||
| 100 | 1 |
_aHiggins, Peter _eauthor. |
|
| 264 | 1 | _bEdinburgh University Press, | |
| 300 | _a1 online resource (1 p.) | ||
| 506 | 0 |
_aAccess copy available to the general public. _fUnrestricted _2star |
|
| 520 | _aWhat moral standards ought nation-states abide by when selecting immigration policies? Peter Higgins argues that immigration policies can only be judged by considering the inequalities that are produced by the institutions - such as gender, race and class - that constitute our social world. He challenges conventional positions on immigration justice, including the view that states have a right to choose whatever immigration policies they like, or that all immigration restrictions ought to be eliminated and borders opened. Rather than suggesting one absolute solution, Higgins argues that a unique set of immigration policies will be just for each country. He concludes with concrete recommendations for policymaking. | ||
| 588 | 0 | _aDescription based on print version record. | |
| 590 | _aKU Select 2019: HSS Backlist Books | ||
| 650 | 7 |
_aPhilosophy / Political _2bisacsh |
|
| 650 | 0 | _aPhilosophy | |
| 655 | 0 | _aElectronic books. | |
| 758 |
_iIs found in: _aKnowledge Unlatched _1https://openresearchlibrary.org/module/2774bc74-146a-484f-a7ba-ab1d6a09bbfb |
||
| 856 | 4 | 0 |
_uhttps://openresearchlibrary.org/content/051a94cc-d836-4cf9-8a17-91e7b21f6945 _zView this content on Open Research Library. _70 |
| 999 |
_c33151 _d33151 |
||